| 000 | 01533cam a2200553 i 4500 | ||
|---|---|---|---|
| 999 |
_c174781 _d174781 |
||
| 001 | vtls000077812 | ||
| 003 | PNM | ||
| 005 | 20191104161709.0 | ||
| 008 | 900911t19902003my | e | a000 0 may | ||
| 015 | _aM90-2690 | ||
| 020 |
_a9836214275 _qpaperback _cRM3.00 |
||
| 039 | 9 |
_a201908201140 _bfaezah _c201908201138 _dfaezah _c201509291037 _diliza _c201508171610 _dmaulidiah |
|
| 040 |
_aBNM _beng _cBNM _dPNM _erda |
||
| 049 | _amalpma | ||
| 082 | 0 | 4 |
_a499.2331 _221 |
| 090 | 0 | 0 |
_a499.2331 _bABD |
| 100 | 0 |
_aAbdullah Hussain, _cDato', _d1920- _eauthor. |
|
| 245 | 1 | 0 |
_aKamus simpulan bahasa / _cAbdullah Hussain |
| 250 | _aEd. ke2 | ||
| 264 | 1 |
_aKuala Lumpur : _bDewan Bahasa dan Pustaka, _c1990, 2007 |
|
| 264 | 4 | _c©2003 | |
| 300 |
_ax, 329 pages ; _c22 cm |
||
| 336 |
_atext _2rdacontent |
||
| 337 |
_aunmediated _2rdamedia |
||
| 338 |
_avolume _2rdacarrier |
||
| 650 | 1 | 0 |
_aMalay language _xIdioms _vDictionaries |
| 650 | 2 | 0 |
_aMalay language _xTerms and phrases |
| 942 |
_2ddc _cB |
||
| 949 | _62000305451 | ||
| 949 | _62000305452 | ||
| 949 | _62000305453 | ||
| 949 | _62000305504 | ||
| 949 | _62000305420 | ||
| 949 |
_aANR 075 ABD KP _e2542671 |
||
| 949 | _6200019767 | ||
| 949 | _62000129766 | ||
| 949 | _62000129765 | ||
| 949 | _62000129764 | ||
| 949 | _62000129763 | ||
| 949 | _62000129762 | ||
| 949 | _62000129761 | ||
| 949 | _62000129760 | ||
| 949 | _62000250796 | ||
| 949 | _62000250795 | ||
| 949 | _62000250794 | ||
| 949 | _62000250793 | ||
| 949 | _62000250792 | ||
| 949 | _62000250791 | ||